[Event "53rd World U20 ch"]
[Site "Pune IND"]
[Date "2014.10.11"]
[Round "6.12"]
[White "Arat, Ufuk Sezen"]
[Black "Dragun, Kamil"]
[Result "1/2-1/2"]
[WhiteElo "2357"]
[BlackElo "2546"]
[EventDate "2014.10.06"]
[PlyCount "88"]

1.d4 Nf6 2.c4 e6 3.g3 Bb4+ 4.Bd2 Qe7 5.Nf3 Bxd2+ 6.Qxd2 Nc6 7.Nc3 d5 8.
cxd5 exd5 9.Bg2 O-O 10.O-O Bg4 11.Qf4 Rfe8 12.Rfe1 Rad8 13.Rac1 h6 14.h3 
Bh5 15.g4 g5 16.Qg3 Bg6 17.e3 a6 18.Red1 Rd6 19.Ne1 h5 20.Nd3 hxg4 21.hxg4
Kg7 22.b3 Qe6 23.Nc5 Qc8 24.Bf3 Ne7 25.Kg2 b6 26.N5a4 Neg8 27.Nxd5 Rxd5 
28.Nxb6 Qd8 29.Nxd5 Nxd5 30.Rc5 Ngf6 31.Ra5 Be4 32.Rh1 Bxf3+ 33.Qxf3 Re4 
34.Kf1 Rxg4 35.Rg1 Rxg1+ 36.Kxg1 c6 37.Rxa6 Qd7 38.Ra8 Ne7 39.Ra5 g4 40.
Rg5+ Ng6 41.Qf5 Qd6 42.Qe5 Qa3 43.Rxg4 Qxa2 44.Rxg6+ Kxg6 1/2-1/2

[Event "53rd World U20 ch"]
[Site "Pune IND"]
[Date "2014.10.11"]
[Round "6.13"]
[White "Abasov, Nijat"]
[Black "Harsha, Bharathakoti"]
[Result "1/2-1/2"]
[WhiteElo "2528"]
[BlackElo "2296"]
[EventDate "2014.10.06"]
[PlyCount "62"]

1.d4 d5 2.Nf3 Nf6 3.c4 c6 4.e3 Bg4 5.Nc3 e6 6.Qb3 Qb6 7.Nh4 Bh5 8.h3 g5 9.
Nf3 h6 10.Ne5 Nfd7 11.Nd3 Bg6 12.Bd2 Na6 13.Be2 Qxb3 14.axb3 Nb4 15.Nxb4 
Bxb4 16.h4 Rg8 17.hxg5 hxg5 18.f3 f6 19.c5 Kf7 20.Ra4 a5 21.Ra1 Rh8 22.Kf2
Bc2 23.Rhc1 Bg6 24.Be1 e5 25.Bf1 exd4 26.exd4 Nxc5 27.dxc5 Bxc5+ 28.Kg3 
Bd6+ 29.Kf2 Bc5+ 30.Kg3 Bd6+ 31.Kf2 Bc5+ 1/2-1/2

[Event "53rd World U20 ch"]
[Site "Pune IND"]
[Date "2014.10.11"]
[Round "6.14"]
[White "Bajarani, Ulvi"]
[Black "Rajpara, Ankit"]
[Result "1-0"]
[WhiteElo "2496"]
[BlackElo "2508"]
[EventDate "2014.10.06"]
[PlyCount "123"]

1.e4 c6 2.d4 d5 3.Nd2 dxe4 4.Nxe4 Bf5 5.Ng3 Bg6 6.Nf3 Nd7 7.Bd3 e6 8.Bf4 
Ngf6 9.O-O Be7 10.c4 O-O 11.Bxg6 hxg6 12.Qd3 Qb6 13.a3 a5 14.Rfe1 a4 15.
Bg5 Rfe8 16.c5 Qc7 17.Ne5 Bxc5 18.Bxf6 gxf6 19.Nxg6 Bd6 20.Nh4 Ra5 21.Re3 
Bf4 22.Re2 Rd5 23.Rae1 Bxg3 24.hxg3 Qb6 25.Re4 f5 26.Rf4 Qd8 27.Qc2 Nf6 
28.Qxa4 Nh5 29.Rf3 Rxd4 30.Qb3 Qd7 31.Qe3 Ng7 32.Qh6 Rg4 33.Rf4 Qd2 34.Nf3
Qxb2 35.Rxg4 fxg4 36.Ng5 Rd8 37.Ne4 Kf8 38.Qh8+ Ke7 39.Qh4+ f6 40.Qxg4 Kf7
41.Qf4 Rd5 42.g4 Qd4 43.Qh6 Qe5 44.Qc1 Rd4 45.Qe3 Kg6 46.f4 Qd5 47.Nf2 c5 
48.Nh3 Rd1 49.Rxd1 Qxd1+ 50.Kh2 Qd5 51.f5+ Kf7 52.Nf4 Qd6 53.Qe4 exf5 54.
gxf5 Qe5 55.Qxb7+ Kg8 56.Qd5+ Qxd5 57.Nxd5 Nxf5 58.Nxf6+ Kg7 59.Ne4 c4 60.
a4 Nd4 61.a5 Nc6 62.a6 1-0

[Event "53rd World U20 ch"]
[Site "Pune IND"]
[Date "2014.10.11"]
[Round "6.15"]
[White "Navalgund, Niranjan"]
[Black "Karthikeyan, Murali"]
[Result "1/2-1/2"]
[WhiteElo "2267"]
[BlackElo "2495"]
[EventDate "2014.10.06"]
[PlyCount "213"]

1.d4 d5 2.Nf3 Nf6 3.c4 c6 4.Nc3 a6 5.g3 b5 6.b3 e6 7.Bg2 Bd6 8.O-O O-O 9.
Bb2 Bb7 10.c5 Bc7 11.Qd3 Nbd7 12.a3 e5 13.Nxe5 Nxe5 14.dxe5 Nd7 15.f4 Nxc5
16.Qc2 Ne6 17.Kh1 Qe7 18.e3 f5 19.exf6 Rxf6 20.Nd1 Rf7 21.Nf2 Nc5 22.b4 
Na4 23.Bd4 Bb6 24.Nd3 Rc8 25.Nc5 Nxc5 26.bxc5 Bc7 27.e4 dxe4 28.Bxe4 h6 
29.Bg6 Rd8 30.Rfe1 Qf8 31.Qb3 Rd5 32.Bxf7+ Qxf7 33.Qe3 Rd8 34.Rad1 Bc8 35.
Be5 Re8 36.Qc3 Bg4 37.Rd4 Bxe5 38.fxe5 Be6 39.Kg1 Bd5 40.Rf4 Qe6 41.Rf2 
Qg6 42.Qc2 Qxc2 43.Rxc2 Kf7 44.e6+ Rxe6 45.Rxe6 Kxe6 46.Re2+ Kf6 47.Kf2 a5
48.Ke3 b4 49.axb4 axb4 50.Kd4 b3 51.Re8 Kf7 52.Rb8 Ke6 53.g4 Kf6 54.h4 Ke6
55.Rb7 Kf6 56.Rb8 Be6 57.Rb6 Bd5 58.Rb7 Be6 59.g5+ hxg5 60.hxg5+ Kg6 61.
Ke5 Bc4 62.Rb4 Bd5 63.Kf4 Be6 64.Rd4 Bd5 65.Rd1 Kf7 66.Kf5 Be6+ 67.Ke5 Bd5
68.Rg1 Kg6 69.Kf4 Be6 70.Rb1 Bd5 71.Rb2 Be6 72.Rd2 Bd5 73.Rd1 Kf7 74.Re1 
Kg6 75.Rg1 Be6 76.Rb1 Bd5 77.Ra1 Bc4 78.Ra4 Bd5 79.Rb4 Be6 80.Rb8 Bc4 81.
Rb4 Be6 82.Rd4 Bd5 83.Rd2 Kf7 84.Rh2 Kg6 85.Re2 Bc4 86.Rb2 Bd5 87.Kg4 Be6+
88.Kf4 Bd5 89.Rb1 Be6 90.Rd1 Bd5 91.Re1 Bc4 92.Rb1 Be6 93.Rb2 Bd5 94.Rf2 
Bc4 95.Rd2 Bd5 96.Rd1 Kf7 97.Kf5 Be6+ 98.Ke5 Bd5 99.Rg1 Kg6 100.Kd4 Kf5 
101.g6 Kf6 102.Kc3 Kf5 103.Rd1 Kf6 104.Rxd5 cxd5 105.Kxb3 Ke7 106.Kc3 Kd7 
107.Kd4 1/2-1/2

[Event "53rd World U20 ch"]
[Site "Pune IND"]
[Date "2014.10.11"]
[Round "6.16"]
[White "Gahwiler, Gabriel"]
[Black "Indic, Aleksandar"]
[Result "0-1"]
[WhiteElo "2360"]
[BlackElo "2554"]
[EventDate "2014.10.06"]
[PlyCount "58"]

1.e4 c5 2.d4 cxd4 3.c3 d3 4.c4 Nc6 5.Bxd3 d6 6.Nc3 g6 7.b3 Bg7 8.Bb2 Nf6 
9.Nge2 O-O 10.O-O b6 11.Qd2 Bb7 12.Rad1 Ne5 13.Bb1 Rc8 14.f4 Ned7 15.Ng3 
a6 16.Kh1 h5 17.e5 dxe5 18.f5 h4 19.Nge4 h3 20.fxg6 fxg6 21.Qe2 Qe8 22.Nd5
Nxd5 23.cxd5 Nf6 24.Bxe5 Nxd5 25.Bxg7 Kxg7 26.Rxf8 Qxf8 27.Ng5 Qf6 28.Ne4 
Qe5 29.gxh3 Nc3 0-1

[Event "53rd World U20 ch"]
[Site "Pune IND"]
[Date "2014.10.11"]
[Round "6.17"]
[White "Idani, Pouya"]
[Black "Prince, Bajaj"]
[Result "1/2-1/2"]
[WhiteElo "2517"]
[BlackElo "2369"]
[EventDate "2014.10.06"]
[PlyCount "63"]

1.d4 Nf6 2.c4 e6 3.Nc3 Bb4 4.e3 O-O 5.Ne2 d5 6.a3 Bd6 7.Ng3 b6 8.cxd5 exd5
9.Bd3 Re8 10.O-O Ba6 11.b4 Bxd3 12.Qxd3 Nbd7 13.Bb2 c6 14.Rad1 b5 15.f3 
Bxg3 16.hxg3 Qe7 17.Rde1 Nh5 18.Kf2 Qg5 19.Ne2 f5 20.Bc1 Qg6 21.a4 bxa4 
22.b5 cxb5 23.Qxb5 Nb6 24.Rh1 Rac8 25.Rh4 Qf7 26.g4 fxg4 27.Rxg4 Nf6 28.
Rf4 Qe6 29.Qd3 Qc6 30.g4 h6 31.Rd1 Qc2 32.Ke1 1/2-1/2

[Event "53rd World U20 ch"]
[Site "Pune IND"]
[Date "2014.10.11"]
[Round "6.18"]
[White "Ducarmon, Quinten"]
[Black "Mithil, Ajgaonkar"]
[Result "1-0"]
[WhiteElo "2487"]
[BlackElo "2258"]
[EventDate "2014.10.06"]
[PlyCount "105"]

1.e4 c6 2.d4 d5 3.e5 c5 4.dxc5 Nc6 5.a3 e6 6.Nf3 Bxc5 7.b4 Bb6 8.Bb2 Nge7 
9.Bd3 Ng6 10.O-O Nf4 11.c4 O-O 12.c5 Bc7 13.Re1 f6 14.exf6 gxf6 15.Bf1 e5 
16.b5 Ne7 17.Nbd2 Be6 18.a4 Qe8 19.Kh1 Qf7 20.Ng1 Rad8 21.g3 Nfg6 22.Bg2 
b6 23.c6 Nf5 24.Ne2 d4 25.Ne4 Nd6 26.Nxd6 Bxd6 27.Qd2 Bc5 28.Nc1 d3 29.Bc3
Bd5 30.f3 Bc4 31.Na2 f5 32.Bb4 Bd4 33.Bxf8 Bxa1 34.Rxa1 Qxf8 35.Nc3 Qb4 
36.Rb1 Qc5 37.Bh3 Rf8 38.Rc1 Qd4 39.c7 Be6 40.Ne4 Bc8 41.Nf2 e4 42.fxe4 
fxe4 43.Bxc8 Rxc8 44.Re1 Rxc7 45.Rxe4 Qf6 46.Kg2 Rf7 47.Qe3 Qf5 48.h4 d2 
49.Rd4 Nxh4+ 50.gxh4 Qg6+ 51.Kh2 Qh5 52.Qg3+ Rg7 53.Rd8+ 1-0

[Event "53rd World U20 ch"]
[Site "Pune IND"]
[Date "2014.10.11"]
[Round "6.19"]
[White "Borisenko, Viacheslav"]
[Black "Aravindh, Chithambaram"]
[Result "0-1"]
[WhiteElo "2316"]
[BlackElo "2475"]
[EventDate "2014.10.06"]
[PlyCount "80"]

1.e4 c5 2.c3 Nf6 3.e5 Nd5 4.Nf3 Nc6 5.d4 cxd4 6.Bc4 Nb6 7.Bb3 d5 8.exd6 
Qxd6 9.O-O Be6 10.a4 dxc3 11.Bxe6 Qxd1 12.Rxd1 c2 13.Bb3 cxd1=Q+ 14.Bxd1 
Nd5 15.a5 a6 16.Ba4 e6 17.Ne5 Rc8 18.Nc3 Bd6 19.Nc4 Bc7 20.Nxd5 exd5 21.
Ne3 Bxa5 22.Nxd5 b5 23.Bd1 Nb4 24.Bd2 Nxd5 25.Bxa5 O-O 26.Bf3 Nf4 27.g3 
Nd3 28.Bb7 Rc2 29.Be4 Rc1+ 30.Rxc1 Nxc1 31.Bd5 Nd3 32.b3 Rc8 33.Bb7 Rc1+ 
34.Kg2 Ra1 35.b4 Ra4 36.Bxa6 Nxb4 37.Bxb4 Rxa6 38.Kf3 Ra4 39.Bc5 b4 40.Ke3
b3 0-1

[Event "53rd World U20 ch"]
[Site "Pune IND"]
[Date "2014.10.11"]
[Round "6.20"]
[White "Kantans, Toms"]
[Black "Kumaran, Balaji"]
[Result "1/2-1/2"]
[WhiteElo "2485"]
[BlackElo "2239"]
[EventDate "2014.10.06"]
[PlyCount "111"]

1.c4 Nf6 2.Nc3 e6 3.e4 d5 4.e5 d4 5.exf6 dxc3 6.bxc3 Qxf6 7.Nf3 Nd7 8.d4 
Qd8 9.Bd3 Be7 10.O-O O-O 11.Qe2 Nf6 12.Ne5 c5 13.Rd1 Qa5 14.Qf3 Nd7 15.Bf4
Nxe5 16.Bxe5 f6 17.Qh5 f5 18.d5 Bd7 19.Re1 Bf6 20.dxe6 Bxe6 21.Bxf5 Bxf5 
22.Qxf5 Bxe5 23.Qxe5 Rad8 24.Re3 Qa4 25.Qe6+ Kh8 26.Qg4 Qc2 27.Qe2 Qxe2 
28.Rxe2 Rd7 29.g3 h6 30.Rae1 Rf3 31.Re7 Rxe7 32.Rxe7 Rxc3 33.Rxb7 Ra3 34.
Rb5 Rxa2 35.Rxc5 a5 36.Kg2 Rc2 37.Rxa5 Rxc4 38.h4 g6 39.h5 g5 40.Ra6 Kg7 
41.Rg6+ Kh7 42.Re6 Kg7 43.f3 Rc3 44.Kf2 Rb3 45.Ke2 Ra3 46.Rd6 Rb3 47.Rd7+ 
Kg8 48.Rd3 Rb1 49.Ke3 Rg1 50.Ke4 Rxg3 51.Kf5 Kf7 52.Ra3 Rh3 53.Ra7+ Kf8 
54.f4 gxf4 55.Kf6 Re3 56.Rh7 1/2-1/2

[Event "53rd World U20 ch"]
[Site "Pune IND"]
[Date "2014.10.11"]
[Round "6.21"]
[White "Blazeka, Matej"]
[Black "Anurag, Mhamal"]
[Result "0-1"]
[WhiteElo "2311"]
[BlackElo "2442"]
[EventDate "2014.10.06"]
[PlyCount "84"]

1.e4 c5 2.Nf3 e6 3.c4 a6 4.Nc3 Qc7 5.Be2 Nc6 6.d4 cxd4 7.Nxd4 Nf6 8.a3 b6 
9.Be3 Bb7 10.f3 Nxd4 11.Qxd4 Bc5 12.Qd2 Bxe3 13.Qxe3 d6 14.Rd1 O-O 15.b4 
Rad8 16.O-O Rfe8 17.Rd2 d5 18.e5 Nd7 19.cxd5 Qxe5 20.Qxe5 Nxe5 21.d6 Nd7 
22.Rc1 Nf6 23.Na4 Nd5 24.Nc3 Rxd6 25.Nxd5 exd5 26.Rc7 Bc8 27.Bc4 Be6 28.
Bxa6 g5 29.Bb7 Kg7 30.a4 d4 31.a5 bxa5 32.bxa5 Bb3 33.Kf2 Re5 34.Rd3 Be6 
35.Ra3 d3 36.Rc1 Re2+ 37.Kg3 d2 38.Rd1 Re1 39.Rxd2 Rxd2 40.a6 h5 41.h4 
gxh4+ 42.Kxh4 Rxg2 0-1

[Event "53rd World U20 ch"]
[Site "Pune IND"]
[Date "2014.10.11"]
[Round "6.22"]
[White "Kriebel, Tadeas"]
[Black "Prasannaa, S."]
[Result "1-0"]
[WhiteElo "2428"]
[BlackElo "2232"]
[EventDate "2014.10.06"]
[PlyCount "107"]

1.e4 e6 2.d4 d5 3.Nc3 Bb4 4.e5 c5 5.a3 Bxc3+ 6.bxc3 Ne7 7.Nf3 b6 8.Bb5+ 
Bd7 9.Bd3 c4 10.Be2 Ba4 11.h4 Nbc6 12.h5 h6 13.Bf4 Kd7 14.Qd2 Qg8 15.Kf1 
Qh7 16.Rc1 b5 17.Nh2 a5 18.Ng4 Nf5 19.Rh3 Rhb8 20.Kg1 Ke8 21.Bd1 Qg8 22.
Ra1 Qh7 23.Nh2 Nfe7 24.Nf1 Kd7 25.Bh2 Rg8 26.Rf3 Rgf8 27.Ne3 Qg8 28.Rf4 
Rfb8 29.Bg4 Ke8 30.Rb1 Qh7 31.Bh3 Rb7 32.Bg3 Rab8 33.Ra1 Ra7 34.Bh4 Nc8 
35.Qe2 Qg8 36.Qg4 N8e7 37.Qg3 Qh7 38.Kh2 Nd8 39.Rg4 g5 40.hxg6 fxg6 41.
Bxe7 Rxe7 42.Rxg6 h5 43.Nxd5 exd5 44.Rg8+ Kf7 45.e6+ Nxe6 46.Rxb8 Bxc2 47.
Bxe6+ Rxe6 48.Rb7+ Re7 49.Rxe7+ Kxe7 50.Qe5+ Kf8 51.Qxd5 Qc7+ 52.g3 Bg6 
53.Re1 Qf7 54.Qd8+ 1-0

[Event "53rd World U20 ch"]
[Site "Pune IND"]
[Date "2014.10.11"]
[Round "6.23"]
[White "Visakh, N. R."]
[Black "Ben Artzi, Ido"]
[Result "1/2-1/2"]
[WhiteElo "2300"]
[BlackElo "2423"]
[EventDate "2014.10.06"]
[PlyCount "133"]

1.e4 d6 2.d4 Nf6 3.Nc3 g6 4.g3 Bg7 5.Bg2 O-O 6.Nge2 Nbd7 7.O-O c5 8.h3 Rb8
9.a4 b6 10.b3 Bb7 11.Bb2 a6 12.Qd3 Ne8 13.dxc5 bxc5 14.Nd1 Nef6 15.Ne3 Re8
16.Rfd1 Qc7 17.Nc4 Nb6 18.Na5 Ba8 19.Bc3 Red8 20.Nf4 e6 21.Nc4 Nxc4 22.
Qxc4 Nxe4 23.Bxg7 d5 24.Qxa6 Kxg7 25.Bxe4 dxe4 26.Qc4 Qe5 27.Ne2 Kg8 28.
Qc3 Qh5 29.g4 Qg5 30.Qe3 Qe5 31.Qc3 Qg5 32.Qe3 Qh4 33.Qg3 Qxg3+ 34.Nxg3 f5
35.Ne2 fxg4 36.hxg4 e3 37.fxe3 Bf3 38.Rxd8+ Rxd8 39.Nf4 Rd2 40.Ra2 Bxg4 
41.a5 g5 42.Nd3 Bf3 43.a6 g4 44.a7 Ba8 45.e4 h5 46.Ra5 g3 47.Rxc5 Bxe4 48.
a8=Q+ Bxa8 49.Rc8+ Kg7 50.Rxa8 h4 51.Ra1 Rxc2 52.Rb1 Kf6 53.b4 h3 54.Nf4 
Kf5 55.Nxh3 Kg4 56.b5 Kxh3 57.b6 Rc8 58.b7 Rb8 59.Rb5 Kg4 60.Kg2 Kf4 61.
Rb4+ Ke5 62.Kxg3 Kd6 63.Kf3 Kc6 64.Ke4 Rxb7 65.Rxb7 Kxb7 66.Ke5 Kc6 67.
Kxe6 1/2-1/2

[Event "53rd World U20 ch"]
[Site "Pune IND"]
[Date "2014.10.11"]
[Round "6.24"]
[White "Gagare, Shardul"]
[Black "Ritviz, Parab"]
[Result "1/2-1/2"]
[WhiteElo "2419"]
[BlackElo "2205"]
[EventDate "2014.10.06"]
[PlyCount "209"]

1.d4 Nf6 2.c4 g6 3.g3 Bg7 4.Bg2 O-O 5.Nc3 c6 6.Nf3 d5 7.cxd5 cxd5 8.Ne5 
Nc6 9.O-O Bf5 10.Nxc6 bxc6 11.Bf4 Nd7 12.Na4 Qa5 13.b3 Rac8 14.Rc1 Rfe8 
15.Re1 Nb6 16.Bd2 Qa6 17.Nc5 Qa3 18.Bc3 Nd7 19.Nxd7 Bxd7 20.Qd2 Bf5 21.Bb4
Qa6 22.Rc5 Qb6 23.e3 e5 24.Ba5 Qa6 25.dxe5 Bxe5 26.Bf1 Qb7 27.Bc3 Qe7 28.
b4 Be4 29.Bxe5 Qxe5 30.Rec1 Qf5 31.Bg2 Bxg2 32.Kxg2 Qe4+ 33.Kg1 Rb8 34.a3 
Rb6 35.Qc3 Re6 36.Rd1 h5 37.Rd4 Qe5 38.a4 Qf6 39.b5 cxb5 40.axb5 a6 41.
bxa6 Rxa6 42.Rcxd5 Rec6 43.Qb2 Rcb6 44.Rb5 Kg7 45.Rxb6 Rxb6 46.Qc2 Rc6 47.
Qd2 Qe5 48.Kg2 Rf6 49.Qb4 Re6 50.h4 Re8 51.Qc4 Re7 52.Kg1 Rc7 53.Qd3 Rc1+ 
54.Kg2 Rc7 55.Rf4 Re7 56.Rd4 Rc7 57.Rd5 Qf6 58.e4 Re7 59.Qe3 Qe6 60.Qc3+ 
Qf6 61.Qd3 Qe6 62.Rd4 Qe5 63.Ra4 Re8 64.Rb4 Re7 65.Qe3 Re8 66.Qf3 Re7 67.
Kh2 Re6 68.Rc4 Rf6 69.Qe3 Re6 70.Kg2 Re8 71.Qd3 Re7 72.Qd2 Rb7 73.Qd3 Re7 
74.Qd4 Qxd4 75.Rxd4 Ra7 76.Kf3 Kf6 77.Kf4 Ra2 78.Ke3 Ke6 79.Rb4 Ra3+ 80.
Kf4 Ra2 81.Rb6+ Ke7 82.f3 Ra3 83.Rb5 Ke6 84.Re5+ Kf6 85.Re8 Kg7 86.Rb8 Kf6
87.Rb6+ Ke7 88.Rb7+ Ke6 89.Rb5 Kf6 90.Rg5 Ke6 91.Re5+ Kf6 92.Rb5 Ke6 93.g4
hxg4 94.fxg4 Rh3 95.Rb6+ Ke7 96.Kg5 Re3 97.Kf4 Rh3 98.Kg5 Re3 99.Rb4 Rg3 
100.e5 Re3 101.Rb5 Rg3 102.Rb6 Re3 103.Kf4 Rh3 104.e6 f6 105.Ke4 1/2-1/2

[Event "53rd World U20 ch"]
[Site "Pune IND"]
[Date "2014.10.11"]
[Round "6.25"]
[White "Csonka, Balazs"]
[Black "Pranav, Shetty"]
[Result "1-0"]
[WhiteElo "2412"]
[BlackElo "2191"]
[EventDate "2014.10.06"]
[PlyCount "101"]

1.b3 e5 2.Bb2 Nc6 3.e3 a6 4.c4 Nf6 5.Nf3 e4 6.Nd4 Nxd4 7.Bxd4 b6 8.Nc3 Bb7
9.g4 Qe7 10.Bg2 O-O-O 11.d3 h5 12.g5 Nh7 13.Nd5 Bxd5 14.cxd5 Qxg5 15.Bxe4 
Nf6 16.Qf3 Nxe4 17.dxe4 f6 18.Ke2 Bc5 19.Rhg1 Qh6 20.Bxc5 bxc5 21.d6 cxd6 
22.Rad1 Kc7 23.Qg3 f5 24.e5 f4 25.exf4 dxe5 26.fxe5 Rde8 27.Kf1 Re6 28.
Qxg7 Qxg7 29.Rxg7 Rd8 30.f4 Kc6 31.Kf2 d6 32.Kf3 Rde8 33.Rxd6+ Rxd6 34.
exd6 Kxd6 35.Rg6+ Kd5 36.Rxa6 Kd4 37.Rd6+ Kc3 38.Rd5 Kb4 39.a3+ Kxa3 40.
Rxc5 Kxb3 41.Rxh5 Kc4 42.h4 Kd4 43.Ra5 Re1 44.h5 Rg1 45.Rg5 Rh1 46.Kg4 Rh2
47.Kf5 Kd5 48.Kg6+ Ke6 49.f5+ Ke7 50.Kg7 Rf2 51.f6+ 1-0

[Event "53rd World U20 ch"]
[Site "Pune IND"]
[Date "2014.10.11"]
[Round "6.26"]
[White "Praneeth Surya, K."]
[Black "Deac, Bogdan-Daniel"]
[Result "1-0"]
[WhiteElo "2251"]
[BlackElo "2402"]
[EventDate "2014.10.06"]
[PlyCount "123"]

1.e4 c6 2.d4 d5 3.e5 Bf5 4.Nf3 e6 5.Be2 Ne7 6.O-O Nd7 7.Nbd2 Nc8 8.Nb3 a6 
9.Bd2 Be7 10.a4 O-O 11.a5 c5 12.c4 Be4 13.Be3 cxd4 14.Bxd4 dxc4 15.Nbd2 
Bd5 16.Bxc4 Bc6 17.Qe2 Bb4 18.Nb3 Ne7 19.Rfd1 Nd5 20.Be3 Nxe3 21.Qxe3 Bxf3
22.Qxf3 Qc7 23.Bd3 g6 24.Qe4 Be7 25.f4 Rad8 26.Qc4 Nc5 27.Rac1 Rc8 28.Be2 
Qb8 29.Nd4 b5 30.axb6 Qxb6 31.Rc2 Rcd8 32.Kf1 Rd7 33.b4 Ne4 34.Qc6 Qa7 35.
Qxe4 Rfd8 36.Rcd2 Qb6 37.Nf3 Rxd2 38.Rxd2 Rxd2 39.Nxd2 Bxb4 40.Nc4 Qa7 41.
Nd6 Qc5 42.Qa8+ Kg7 43.Ne8+ Kh6 44.Qf3 Qc1+ 45.Bd1 Qc4+ 46.Kg1 Qd4+ 47.Kh1
Qc3 48.Qxc3 Bxc3 49.h4 Be1 50.g4 Bxh4 51.g5+ Bxg5 52.fxg5+ Kxg5 53.Nd6 Kf4
54.Nxf7 a5 55.Bb3 Kf5 56.Kg2 g5 57.Bc2+ Kf4 58.Bxh7 a4 59.Bc2 a3 60.Bb3 
Kf5 61.Kg3 g4 62.Ba2 1-0

[Event "53rd World U20 ch"]
[Site "Pune IND"]
[Date "2014.10.11"]
[Round "6.27"]
[White "Ganesh, R."]
[Black "Johansson, Linus"]
[Result "0-1"]
[WhiteElo "2030"]
[BlackElo "2401"]
[EventDate "2014.10.06"]
[PlyCount "100"]

1.d4 e6 2.Nf3 Nf6 3.c4 c5 4.g3 cxd4 5.Nxd4 d5 6.Bg2 e5 7.Nc2 d4 8.O-O Nc6 
9.e3 Bg4 10.Qd3 Be7 11.exd4 exd4 12.Bxc6+ bxc6 13.Qxd4 Qc7 14.Nc3 O-O 15.
Re1 Rad8 16.Qf4 Bd6 17.Qg5 Qc8 18.Ne3 h6 19.Qh4 Rfe8 20.Bd2 Bc5 21.Nf1 Qf5
22.Be3 Kh7 23.h3 Rxe3 24.Rxe3 g5 25.hxg4 Nxg4 26.Qxg4 Qxg4 27.Re4 Qf3 28.
Re2 Re8 29.Rae1 Rxe2 30.Rxe2 Bd4 31.Rc2 h5 32.Rd2 Bxc3 33.bxc3 Qxc3 34.Rd7
Qxc4 35.Rxa7 Kg6 36.Ne3 Qe4 37.Ra5 h4 38.gxh4 gxh4 39.Rc5 h3 40.Rc4 Qf3 
41.Rg4+ Kh5 42.Rg3 h2+ 43.Kxh2 Qxf2+ 44.Kh3 Qxa2 45.Rf3 Qe2 46.Kg3 Kg5 47.
Rf5+ Kg6 48.Rf3 f5 49.Ng2 Kg5 50.Rf2 f4+ 0-1

[Event "53rd World U20 ch"]
[Site "Pune IND"]
[Date "2014.10.11"]
[Round "6.28"]
[White "Ider, Borya"]
[Black "Shailesh, Dravid"]
[Result "1/2-1/2"]
[WhiteElo "2394"]
[BlackElo "2074"]
[EventDate "2014.10.06"]
[PlyCount "121"]

1.d4 Nf6 2.Nf3 e6 3.g3 b6 4.Bg2 Bb7 5.c4 c5 6.d5 exd5 7.cxd5 Bxd5 8.Nc3 
Bc6 9.O-O Be7 10.e4 O-O 11.e5 Ne8 12.Nd5 Bxd5 13.Qxd5 Nc7 14.Qd3 Nc6 15.
Rd1 Ne6 16.Be3 Rc8 17.h4 Qc7 18.Qxd7 Qxd7 19.Rxd7 Rfd8 20.Rad1 Rxd7 21.
Rxd7 Rd8 22.Rb7 Kf8 23.h5 Rd1+ 24.Kh2 Ned8 25.Rc7 c4 26.h6 g6 27.Bg5 Ne6 
28.Bxe7+ Nxe7 29.Rxc4 Nf5 30.Bh3 Nxh6 31.Bxe6 fxe6 32.Rc7 Rb1 33.Ng5 Ng4+ 
34.Kg2 Rxb2 35.Nxh7+ Ke8 36.Nf6+ Nxf6 37.exf6 Rxa2 38.Kf3 Ra4 39.Rb7 g5 
40.Ke3 g4 41.Kd3 Kf8 42.Ke3 Ke8 43.Kd3 Kf8 44.Kc3 b5 45.Kd3 a5 46.Re7 Rb4 
47.Rxe6 Kf7 48.Ra6 a4 49.Ke3 Kg6 50.f4 gxf3 51.Kxf3 Rb3+ 52.Ke2 Rxg3 53.
Kd2 Rb3 54.Kc2 Kf7 55.Rb6 b4 56.Ra6 Ra3 57.Kb2 Kg6 58.Rb6 Rb3+ 59.Ka2 Ra3+
60.Kb2 Rb3+ 61.Ka2 1/2-1/2

[Event "53rd World U20 ch"]
[Site "Pune IND"]
[Date "2014.10.11"]
[Round "6.29"]
[White "Sidhant, Mohapatra"]
[Black "Yogit, S."]
[Result "0-1"]
[WhiteElo "2382"]
[BlackElo "1954"]
[EventDate "2014.10.06"]
[PlyCount "78"]

1.c4 Nf6 2.Nc3 e6 3.e4 d6 4.d4 Be7 5.Nf3 O-O 6.Be2 c5 7.O-O cxd4 8.Qxd4 
Nc6 9.Qd2 a6 10.b3 Qc7 11.Bb2 b6 12.Rac1 Ne5 13.Nd4 Bb7 14.f4 Ned7 15.Bf3 
Rfd8 16.Kh1 Rac8 17.g4 Nc5 18.Qe2 d5 19.e5 dxc4 20.exf6 Bxf6 21.Bxb7 Qxb7+
22.Nf3 Nd3 23.bxc4 Nxb2 24.Ne4 Be7 25.Rc3 Na4 26.Re3 Nc5 27.Ng3 Rd4 28.f5 
Bg5 29.fxe6 Bxe3 30.exf7+ Kxf7 31.Qxe3 Rd3 32.Qe2 Re8 33.Qg2 Kg8 34.Nf5 
Qe4 35.Qb2 Qxg4 36.N5d4 Ne6 37.Rg1 Qe4 38.Qg2 Rxd4 39.Nxd4 Qxg2+ 0-1

[Event "53rd World U20 ch"]
[Site "Pune IND"]
[Date "2014.10.11"]
[Round "6.30"]
[White "Rajdeep, Sarkar"]
[Black "Von Meijenfeldt, Bart"]
[Result "1-0"]
[WhiteElo "2145"]
[BlackElo "2354"]
[EventDate "2014.10.06"]
[PlyCount "51"]

1.d4 Nf6 2.Nf3 g6 3.g3 Bg7 4.Bg2 O-O 5.O-O d6 6.c4 Nc6 7.Nc3 a6 8.h3 Bd7 
9.e4 e5 10.dxe5 Nxe5 11.Nxe5 dxe5 12.Be3 Be6 13.Qe2 c6 14.Rfd1 Qe7 15.b3 
Nd7 16.Nd5 cxd5 17.cxd5 Rfc8 18.dxe6 Qxe6 19.Rd5 Nf6 20.Rd3 Bf8 21.Rad1 
Bc5 22.Bxc5 Rxc5 23.Qe3 Rc7 24.Rd6 Qe7 25.Qb6 Kg7 26.Rxf6 1-0

[Event "53rd World U20 ch"]
[Site "Pune IND"]
[Date "2014.10.11"]
[Round "6.31"]
[White "Prasanna, Raghuram Rao"]
[Black "Yogesh, Gautam"]
[Result "1-0"]
[WhiteElo "2447"]
[BlackElo "2144"]
[EventDate "2014.10.06"]
[PlyCount "108"]

1.d4 d5 2.Nf3 Nf6 3.c4 c6 4.Nc3 Bf5 5.e3 e6 6.Be2 h6 7.O-O Nbd7 8.Bd3 Bxd3
9.Qxd3 Be7 10.b3 O-O 11.Bb2 Qc7 12.Rac1 Rad8 13.Rfd1 Rfe8 14.h3 Qb8 15.Rc2
Bd6 16.Nd2 e5 17.cxd5 exd4 18.Qxd4 Be5 19.Qb4 Nxd5 20.Nxd5 cxd5 21.Nf3 
Bxb2 22.Rxb2 Nf6 23.Nd4 a6 24.Qa5 Rc8 25.Rc2 Rxc2 26.Nxc2 Qd6 27.Qc3 Ne4 
28.Qe1 Rc8 29.Nd4 Qc5 30.f3 Nf6 31.Qe2 g6 32.Kf2 Kg7 33.Qd3 Qc3 34.Qe2 Qc5
35.Rd2 Qc1 36.Qd1 Qxd1 37.Rxd1 Kf8 38.g4 Ke7 39.h4 Rc7 40.Rd2 Rd7 41.Ne2 
Ne8 42.Nf4 Nc7 43.h5 g5 44.Ne2 Ne6 45.Ng3 Ng7 46.Rc2 b6 47.Ke2 d4 48.Rc6 
Ne6 49.Nf5+ Kd8 50.exd4 Nf4+ 51.Kd2 Ne6 52.Rxb6 Nxd4 53.Nxd4 Rxd4+ 54.Ke3 
Ke7 1-0

[Event "53rd World U20 ch"]
[Site "Pune IND"]
[Date "2014.10.11"]
[Round "6.32"]
[White "Westerberg, Jonathan"]
[Black "Abhishek, A."]
[Result "1-0"]
[WhiteElo "2420"]
[BlackElo "2138"]
[EventDate "2014.10.06"]
[PlyCount "45"]

1.e4 e6 2.d4 d5 3.Nd2 c5 4.Ngf3 cxd4 5.exd5 Qxd5 6.Bc4 Qd6 7.O-O Nf6 8.Nb3
Nc6 9.Nbxd4 Nxd4 10.Nxd4 a6 11.Re1 Qc7 12.Qe2 Bd6 13.Bg5 Bxh2+ 14.Kh1 Bd6 
15.Nf5 Bf8 16.Rad1 Bd7 17.Rd4 Qa5 18.Rxd7 Nxd7 19.Qxe6+ fxe6 20.Rxe6+ Be7 
21.Rxe7+ Kd8 22.Re5+ Kc7 23.Rxa5 1-0

[Event "53rd World U20 ch"]
[Site "Pune IND"]
[Date "2014.10.11"]
[Round "6.33"]
[White "Cabarkapa, Novak"]
[Black "Nishant, Malhotra"]
[Result "1-0"]
[WhiteElo "2379"]
[BlackElo "2129"]
[EventDate "2014.10.06"]
[PlyCount "144"]

1.e4 e5 2.Nf3 Nc6 3.Be2 Bc5 4.Nxe5 Nxe5 5.d4 Bxd4 6.Qxd4 Qf6 7.Qe3 Ne7 8.
c4 d6 9.Nc3 Bg4 10.f3 Be6 11.b3 N5c6 12.Bb2 O-O-O 13.O-O-O Qg6 14.f4 Bg4 
15.f5 Qh5 16.Bxg4 Qxg4 17.h3 Qh4 18.g3 Qh5 19.g4 Qh4 20.Nd5 Rhg8 21.f6 Ng6
22.Rhf1 Nge5 23.Bxe5 dxe5 24.fxg7 Rxg7 25.Rf5 Rd7 26.b4 Kb8 27.b5 Nd4 28.
Nf6 Rd6 29.Rxe5 Qxf6 30.Re8+ Rd8 31.Rxd8+ Qxd8 32.Qxd4 Qxd4 33.Rxd4 Kc8 
34.Rd5 Rg6 35.Rh5 h6 36.Kd2 Kd7 37.Ke3 a6 38.a4 axb5 39.Rd5+ Ke7 40.Rxb5 
Rc6 41.Kd4 Rd6+ 42.Kc3 Rf6 43.Rxb7 Rf3+ 44.Kb2 Kd7 45.Rb3 Rf2+ 46.Kc3 Rf3+
47.Kb4 c5+ 48.Ka3 Rf4 49.Re3 Rf1 50.Kb2 Rf2+ 51.Kc3 Rf1 52.Kd2 Ra1 53.Rd3+
Ke7 54.Rd5 Rxa4 55.Rxc5 Ra2+ 56.Kd1 Ra3 57.Rh5 Ra4 58.c5 Rd4+ 59.Kc2 Rxe4 
60.Kd3 Re6 61.Kd4 Ra6 62.Kd5 Kd7 63.Rf5 Ke7 64.Rf3 h5 65.gxh5 Rh6 66.Rf5 
Ra6 67.Rf4 Rh6 68.Rh4 Kd7 69.Ke5 Kc6 70.Kf5 f6 71.Ke6 f5+ 72.Kxf5 Kd5 1-0

[Event "53rd World U20 ch"]
[Site "Pune IND"]
[Date "2014.10.11"]
[Round "6.34"]
[White "Koksal, Ege"]
[Black "Rahul Srivatshav, P."]
[Result "1/2-1/2"]
[WhiteElo "2321"]
[BlackElo "2061"]
[EventDate "2014.10.06"]
[PlyCount "112"]

1.d4 Nf6 2.Nf3 g6 3.g3 Bg7 4.Bg2 O-O 5.O-O d6 6.c4 Nc6 7.Nc3 a6 8.h3 Nd7 
9.e4 e5 10.Bg5 f6 11.Be3 exd4 12.Nxd4 Nxd4 13.Bxd4 Ne5 14.Nd5 Be6 15.Rc1 
Qd7 16.Kh2 f5 17.exf5 Bxf5 18.f4 Nc6 19.Bxg7 Qxg7 20.Qd2 h5 21.Rce1 Rad8 
22.Rf2 Rd7 23.Rfe2 Rdf7 24.Re3 Kh8 25.Rb3 Nd8 26.Ne3 Bc8 27.Nc2 Nc6 28.Bd5
Rf6 29.Rf1 Ne5 30.Ne3 Nc6 31.Bg2 R6f7 32.Nc2 Kh7 33.Bxc6 bxc6 34.Nd4 c5 
35.Nf3 Re7 36.Re1 Rfe8 37.Rxe7 Qxe7 38.Ng5+ Kg7 39.Kg2 Qe2+ 40.Qxe2 Rxe2+ 
41.Kf3 Rc2 42.Ke4 Bd7 43.Rb7 Bc6+ 44.Kd3 Bxb7 45.Kxc2 Kf6 46.Kd3 Bg2 47.b3
Kf5 48.Ke3 Ba8 49.Nf7 Kf6 50.Ng5 Kf5 51.Nh7 Bc6 52.Ng5 Ba8 53.Nf7 Kf6 54.
Ng5 Kf5 55.Nh7 Bc6 56.Ng5 Ba8 1/2-1/2